Disciplinirovannyj trejder biznes-psichologija uspecha

Salvato in:
Dettagli Bibliografici
Autore principale: Douglas, Mark
Natura: Libro
Lingua:russo
Pubblicazione: Moskva Izdateľskij dom Evro 2004
Soggetti:
Tags: Aggiungi Tag
Nessun Tag, puoi essere il primo ad aggiungerne!!

MARC

LEADER 00000nam$a2200000$$$4500
001 0065935
005 20240912065317.3
020 |a 5-9900095-6-9 
041 0 |a rus 
044 |a RU 
245 1 0 |a Disciplinirovannyj trejder  |b biznes-psichologija uspecha  |c Mark Daglas ; perevod: M. Volkova 
264 1 |a Moskva  |b Izdateľskij dom Evro  |c 2004 
300 |a 282 s. 
610 2 0 |a obchodníci 
610 2 0 |a obchody burzové 
610 2 0 |a trh burzový 
610 2 0 |a makléri 
610 2 0 |a psychológia 
610 2 0 |a poradenstvo 
100 1 |a Douglas, Mark